Players By Ballon d'Or Top 10 - Statistics

General Stats
  • This quiz has been taken 31 times
  • The average score is 55 of 127
Answer Stats
Hint Answer % Correct
14* (2021, 2019, 2018, 2017, 2016, 2015, 2014, 2013, 2012, 2011, 2010, 2009, 2008, 2007) Best Finish: 1st Cristiano Ronaldo
100%
15* (2023, 2021, 2019, 2018, 2017, 2016, 2015, 2014, 2013, 2012, 2011, 2010, 2009, 2008, 2007) Best Finish: 1st Lionel Messi
100%
4* (2002, 1998 1997, 1996) Best Finish: 1st Ronaldo
100%
4* (2009, 2008, 2007, 2005) Best Finish: 1st Kaka
92%
8* (2025, 2024, 2023, 2022, 2021, 2019, 2018, 2017) Best Finish: 2nd Kylian Mbappe
92%
2* (2022, 2021) Best Finish: 1st Karim Benzema
88%
7* (2006, 2003, 2002, 2001, 2000, 1998, 1997) Best Finish: 1st Zinedine Zidane
88%
6* (2015, 2013, 2012, 2011, 2010, 2009) Best Finish: 2nd Andres Iniesta
83%
3* (2024, 2023, 2022) Best Finish: 2nd Erling Haaland
83%
4*(2023, 2022, 2018, 2017) Best Finish: 1st Luka Modric
83%
1*(2025) Best Finish: 1st Ousmane Dembele
83%
5* (2002, 2001, 2000, 1999, 1998) Best Finish: 1st Rivaldo
83%
3* (2006, 2005, 2004) Best Finish: 1st Ronaldinho
83%
5* (2012, 2012, 2010, 2009, 2008) Best Finish: 3rd Xavi
83%
2* (2002, 2001) Best Finish: 3rd Oliver Kahn
79%
5* (2022, 2021, 2019, 2017, 2015) Best Finish: 2nd Robert Lewandowski
79%
6* (2006, 2005, 2004, 2003, 2002, 2001, 2000) Best Finish: 2nd Thierry Henry
79%
2* (2024, 2014) Best Finish: 9th Toni Kroos
79%
1* (2005) Best Finish: 2nd Frank Lampard
75%
3* (2001, 2000, 1999) Best Finish: 1st Luis Figo
75%
2* (2015, 2014) Best Finish: 3rd Manuel Neuer
75%
2* (2004, 2003) Best Finish: 1st Pavel Nedved
75%
2* (2024, 2023) Best Finish: 1st Rodri
75%
3* (2009, 2008, 2005) Best Finish: 3rd Steven Gerrard
75%
1* (2019) Best Finish: 2nd Virgil van Dijk
75%
6* (2005, 2004, 2003, 2001, 2000, 1999) Best Finish: 1st Andriy Shevchenko
71%
1* (2008) Best Finish: 3rd Fernando Torres
71%
4* (2023, 2022, 2021, 2018) Best Finish: 3rd Kevin De Bruyne
71%
2* (2001, 1998) Best Finish: 1st Michael Owen
71%
3* (2024, 2023, 2022) Best Finish: 2nd Vinicius Junior
71%
2* (2018, 2016) Best Finish: 2nd Antoine Griezmann
67%
2* (2014, 2013) Best Finish: 4th Arjen Robben
67%
4* (2003, 2001, 2000, 1999) Best Finish: 2nd David Beckham
67%
1* (2006) Best Finish: 1st Fabio Cannavaro
67%
4* (2017, 2016, 2006, 2003) Best Finish: 2nd Gianluigi Buffon
67%
1* (2024) Best Finish: 3rd Jude Bellingham
67%
5* (2012, 2010, 2009, 2007, 2006) Best Finish: 4th Didier Drogba
63%
1* (1995) Best Finish: 1st George Weah
63%
2* (2025, 2024) Best Finish: 2nd Lamine Yamal
63%
1* (2025) Best Finish: 4th Raphinha
63%
1* (2017) Best Finish: 6th Sergio Ramos
63%
2* (2015, 2014) Best Finish: 4th Thomas Muller
63%
1* (2025) Best Finish: 3rd Vitinha
63%
2*(2023, 2019) Best Finish: 9th Bernardo Silva
58%
3* (2024, 2018, 2017) Best Finish: 10th Harry Kane
58%
3* (2016, 2015, 2011) Best Finish: 4th Luis Suarez
58%
4* (2005, 2003, 2000, 1995) Best Finish: 3rd Paolo Maldini
58%
5* (2025, 2022, 2021, 2019, 2018) Best Finish: 4th Mohamed Salah
54%
6* (2003, 2002, 2001, 2000, 1999, 1997) Best Finish: 2nd Raul
54%
6* (2013, 2012, 2009, 2008, 2007, 2005) Best Finish: 4th Zlatan Ibrahimovic
54%
1* (2024) Best Finish: 4th Dani Carvajal
50%
3*(1997, 1996, 1995) Best Finish: 1st Matthias Sammer
50%
3* (2003, 2002, 1997) Best Finish: 2nd Roberto Carlos
50%
2* (2022, 2019) Best Finish: 2nd Sadio Mane
50%
1* (2022) Best Finish: 7th Thibaut Courtois
50%
1* (2004) Best Finish: 2nd Deco
46%
2* (2021, 2017) Best Finish: 5th N'Golo Kante
46%
3* (2007, 2004, 2003) Best Finish: 6th Ruud van Nistelrooy
46%
1* (2019) Best Finish: 7th Alisson
42%
1* (2014) Best Finish: 10th Angel Di Maria
42%
2* (2010, 2008) Best Finish: 7th David Villa
42%
2* (2016, 2013) Best Finish: 6th Gareth Bale
42%
2* (2025, 2021) Best Finish: 9th Gianluigi Donnarumma
42%
1* (2021) Best Finish: 3rd Jorginho
42%
4* (2011, 2009, 2006, 2005) Best Finish: 5th Samuel Eto'o
42%
3* (2011, 2009, 2004) Best Finish: 5th Wayne Rooney
42%
1* (1996) Best Finish: 3rd Alan Shearer
38%
2* (1998, 1996) Best Finish: 2nd Davor Suker
38%
2* (2018, 2015) Best Finish: 8th Eden Hazard
38%
2* (2013, 2012) Best Finish: 7th Robin van Persie
38%
1* (2025) Best Finish: 6th Achraf Hakimi
33%
3* (2002, 1996, 1995) Best Finish: 4th Alessandro Del Piero
33%
2* (1998, 1997) Best Finish: 4th Dennis Bergkamp
33%
1* (1996) Best Finish: 7th Eric Cantona
33%
1* (2024) Best Finish: 7th Lautaro Martinez
33%
1* (2006) Best Finish: 7th Miroslav Klose
33%
6* (2018, 2016, 2015, 2014, 2013, 2011) Best Finish: 3rd Neymar Jr
33%
1* (2025) Best Finish: 10th Nuno Mendes
33%
2* (2005, 2004) Best Finish: 6th Adriano
29%
1* (2014) Best Finish: 8th James Rodriguez
29%
1* (1995) Best Finish: 3rd Jari Litmanen
29%
2* (2019, 2016) Best Finish: 7th Riyad Mahrez
29%
4* (2013, 2012, 2007, 2006) Best Finish: 5th Andrea Pirlo
25%
2* (2011, 2010) Best Finish: 5th Diego Forlan
25%
3* (2000, 1999, 1998) Best Finish: 4th Gabriel Batistuta
25%
2* (1996, 1995) Best Finish: 2nd Jurgen Klinsmann
25%
1* (1998) Best Finish: 7th Lilian Thuram
25%
1* (1999) Best Finish: 10th Lothar Matthaus
25%
1* (2016) Best Finish: 9th Pepe
25%
1* (1997) Best Finish: 2nd Predrag Mijatovic
25%
1* (2018) Best Finish: 7th Raphael Varane
25%
1* (2010) Best Finish: 10th Xabi Alonso
25%
1* (2013) Best Finish: 3rd Frank Ribery
21%
4* (2012, 2011, 2010, 2008) Best Finish: 4th Iker Casillas
21%
1* (2016) Best Finish: 8th Jamie Vardy
21%
1* (2023) Best Finish: 7th Julian Alvarez
21%
1* (1995) Best Finish: 5th Patrick Kluivert
21%
1* (2007) Best Finish: 9th Robinho
21%
2* (1999, 1997) Best Finish: 7th Christian Vieri
17%
1* (2025) Best Finish: 8th Cole Palmer
17%
2* (1998, 1996) Best Finish: 8th Marcel Desailly
17%
1* (2010) Best Finish: 4th Wesley Sneijder
17%
1* (1997) Best Finish: 8th Peter Schmeichel
13%
1* (2023) Best Finish: 8th Victor Osimhen
13%
1* (1996) Best Finish: 9th Youri Djorkaeff
13%
1* (2000) Best Finish: 5th Alessandro Nesta
8%
1* (1998) Best Finish: 8th Edgar Davids
8%
2* (2007, 2001) Best Finish: 5th Francesco Totti
8%
1* (1999) Best Finish: 8th Juan Sebastian Veron
8%
1* (2002) Best Finish: 5th Michael Ballack
8%
1* (2015) Best Finish: 10th Alexis Sanchez
4%
1* (1997) Best Finish: 6th Andreas Moller
4%
1* (2008) Best Finish: 6th Andrey Arshavin
4%
1* (1995) Best Finish: 6th Gianfranco Zola
4%
1* (2006) Best Finish: 10th Jens Lehmann
4%
1* (1997) Best Finish: 9th Jurgen Kohler
4%
1* (1996) Best Finish: 10th Karel Poborsky
4%
1* (1995) Best Finish: 8th Marc Overmars
4%
1* (2014) Best Finish: 6th Philipp Lahm
4%
1* (2004) Best Finish: 9th Ricardo Carvalho
4%
1* (1999) Best Finish: 6th Roy Keane
4%
1* (2004) Best Finish: 5th Theodoros Zagorakis
4%
1* (2002) Best Finish: 9th Yildiray Basturk
4%
1* (2007) Best Finish: 8th Cesc Fabregas
0%
1* (2000) Best Finish: 8th Gaizka Mendieta
0%
1* (1995) Best Finish: 10th Michael Laudrup
0%
1* (2012) Best Finish: 5th Ramadel Falcao
0%
No matching quizzes found
Score Distribution
Percent of People with Each Score
Percentile by Number Answered
Your Score History
You have not taken this quiz